Imagination engineering : a toolkit for business creativity
Αποθηκεύτηκε σε:
| Κύριος συγγραφέας: | |
|---|---|
| Άλλοι συγγραφείς: | |
| Μορφή: | Βιβλίο |
| Γλώσσα: | English |
| Δημοσίευση: |
London :
Prentice Hall,
c2000
|
| Θέματα: | |
| Ετικέτες: |
Προσθήκη ετικέτας
Δεν υπάρχουν, Καταχωρήστε ετικέτα πρώτοι!
|
MARC
| LEADER | 00000nam a2200000 i 4500 | ||
|---|---|---|---|
| 001 | 1/22654 | ||
| 008 | 011018s2000 eng d | ||
| 020 | |a 0-273-64929-9 | ||
| 035 | |l 10067518 | ||
| 040 | |a GR-MY-UA |b gre |e aacr | ||
| 041 | 0 | |a eng | |
| 082 | 0 | |a 658.314 |2 (21) | |
| 100 | 1 | |a Birch, Paul. | |
| 245 | 1 | 0 | |a Imagination engineering : |b a toolkit for business creativity / |c Paul Birch & Brian Clegg |
| 260 | |a London : |b Prentice Hall, |c c2000 | ||
| 300 | |a xiv, 202 p.; |c 25 cm. | ||
| 504 | |a Includes bibliographical references and index | ||
| 650 | 0 | 0 | |a Creative ability in business. |
| 650 | 0 | 0 | |a Creative thinking. |
| 700 | 1 | |a Clegg, Brian. | |
| 852 | |a INST |b SYROS |e 20011018 |h 658.314 BIR |p 005500001175 |q 005500001175 |t BK |y 0 | ||
| 852 | |a INST |b SYROS |e 20011018 |h 658.314 BIR |p 005500001176 |q 005500001176 |t BK |y 0 | ||
| 901 | |a BIBL5-2001-3 | ||
| 909 | |a Ε |b 088184 | ||
| 909 | |a Ε |b 088185 | ||
| 922 | |a 5ΕΛΗ |b 200109 |c ΕΠΕΑΕΚ2/183 |d ΠΑΠΑΣΩΤΗΡΙΟΥ | ||
| 970 | |a ΚΡΗΤΙΚΟΥ |b ΘΩΜΑΙΣ |z 2001/10/18 | ||